Congreso Nacional sobre el Agua, la Mujer y los Problemas Sociales

Guardat en:
Dades bibliogràfiques
Autor corporatiu: Instituto Nacional de Acueductos y Alcantarillados de Costa Rica
Format: Text
Publicat: San José: CCSS
Matèries:
Etiquetes: Afegir etiqueta
Sense etiquetes, Sigues el primer a etiquetar aquest registre!

MARC

LEADER 00000 a a2200000 04500
001 17887
003
040 |a CRAI/IIS  |c CRAI/IIS 
090 |a EXTRAVIADO  
110 |a Instituto Nacional de Acueductos y Alcantarillados de Costa Rica  
245 |a Congreso Nacional sobre el Agua, la Mujer y los Problemas Sociales  
260 |a San José:   |b CCSS  
300 |a 6 p  
650 |a AGUA  
650 |a MUJERES  
650 |a PROBLEMAS SOCIALES  
999 |c 12767  |d 12767